000
00297nam a2200121Ia 4500
008
220204s9999 xx 000 0 und d
082
_a
025.5
_b
KAT
100
_a
William A
245
0
_a
Introduction to reference work. 2 V
250
_a
Ed.3
260
_a
New York
_b
McGraw Hill
_c
1978
942
_c
BK
999
_c
31270
_d
31270